000 00637nam a2200217Ii 4500
001 6238
003 CO-ViMGA
008 241108s9999||||xx |||||||||||||| ||und||
020 _a8330640134
040 _aCO-ViMGA
_bspa
_erda
_cCO-ViMGA
041 0 _aunk
082 0 4 _a861.64-D559p
100 1 _aGerardo Diego
_954725
245 1 0 _aPoesia espaƱola contemporanea (1901-1934)
264 1 _a[Lugar de publicación no identificado] : Taurus, 1981
300 _avolumen
336 _atext
_btxt
_2rdacontent
337 _aunmediated
_bn
_2rdamedia
338 _avolume
_bnc
_2rdacarrier
940 _aidficha_siabuc: 6091. -- ficha_no_siabuc:6238
999 _c51916
_d51916